Zúročené skúsenosti Zhovárame sa s akademickým maliarom Vladimírom Chovanom

Bibliographic Details
Main Authors: Chovan, Vladimír, 1947- (Author), Hajdani, Gejza (Author)
Format: Article
Language:Slovak
PhysicalDescription:Obr. 2.
Subjects:

MARC

LEADER 00000nab a2200000 a 4500
001 vtls000007704
003 SK-MaSNL
005 20260303020942.0
008 111103c1978 xo 0 slo
015 |a SNBRB19rr/mm-uuuuu 
035 |a CL0017797 
040 |a SNKBUCL  |b slo  |c SNKBUCL  |e AACR2 
041 0 |a slo 
044 |a xo  |c SK 
080 |a 75.071.1  |2 1981 
080 |a 92 Chovan, Vladimír  |2 1981 
100 1 |a Chovan, Vladimír,  |d 1947-  |4 aut  |9 1001440 
245 1 0 |a Zúročené skúsenosti  |b Zhovárame sa s akademickým maliarom Vladimírom Chovanom  |c Vladimír Chovan, Gejza Hajdani 
300 |b Obr. 2. 
600 1 7 |a Chovan, Vladimír,  |d 1947-  |2 snkbucl  |9 1001440 
655 7 |a články z novín a časopisov  |2 snkbucl  |9 267496 
700 1 |a Hajdani, Gejza  |4 aut  |9 541355 
773 0 |t Roľnícke noviny  |g Roč. 33, č. 230 (29. 9. 1978), s. 8 
850 |a Slovenská národná knižnica v Martine  |a MTA001 
852 |a SNK  |b KIS3GCP 
958 |a RK 
992 |a RBX 
999 |c 1620669  |d 1622599